Stanovení základních fyzikálně-chemických parametrů v akvakulturních chovech ryb : metodika R06/2013 /

Korporativní autor: Mendelova univerzita. Agronomická fakulta
Další autoři: Kopp, Radovan, 1971-
Jazyk: Čeština
Vydáno: Brno : Mendelova univerzita v Brně, 2014
Vydání: Vyd. 1.
Edice: Certifikovaná metodika
Témata:
Fyzický popis: 37 s. : barev. il. ; 21 cm
Knihy
Uloženo v:
LEADER 01830nam a2200493 a 4500
001 nkc20142603951
003 CZ PrNK
005 20140730144907.0
007 ta
008 140701s2014 xr a e 000 0 cze
015 |a cnb002603951 
020 |a 978-80-7375-953-7  |q (brož.) 
035 |a (OCoLC)886606880 
040 |a OLA001  |b cze 
072 7 |a 639.2/.6  |x Rybářství  |2 Konspekt  |9 24 
080 |a 639.2/.6+626.88  |2 MRF 
080 |a 639.3  |2 MRF 
080 |a 556.113  |2 MRF 
080 |a (083.744)  |2 MRF 
245 0 0 |a Stanovení základních fyzikálně-chemických parametrů v akvakulturních chovech ryb :  |b metodika R06/2013 /  |c Radovan Kopp ... [et al.] 
250 |a Vyd. 1. 
260 |a Brno :  |b Mendelova univerzita v Brně,  |c 2014 
300 |a 37 s. :  |b barev. il. ;  |c 21 cm 
490 1 |a Certifikovaná metodika 
500 |a Na obálce nad názvem: Agronomická fakulta 
500 |a 100 výt. 
504 |a Obsahuje bibliografii 
650 0 7 |a akvakultura  |7 ph698677  |2 czenas 
650 0 7 |a chov ryb  |7 ph134819  |2 czenas 
650 0 7 |a fyzikální vlastnosti vody  |7 ph125408  |2 czenas 
650 0 9 |a aquaculture  |2 eczenas 
650 0 9 |a fish keeping  |2 eczenas 
650 0 9 |a physical properties of water  |2 eczenas 
655 7 |a certifikované metodiky  |7 fd806827  |2 czenas 
655 9 |a certified methodology  |2 eczenas 
700 1 |a Kopp, Radovan,  |d 1971-  |7 mzk2008469351  |4 aut 
710 2 |a Mendelova univerzita.  |b Agronomická fakulta  |7 ko2010564124 
810 2 |a Mendelova univerzita.  |t Metodika  |0 s 
910 2 |a BOA001  |b 2-1257.642 
990 |a BK 
995 |a 01 
991 |b 201407  |c NOV  |e n 
996 6 |b 2610596977  |c 2-1257.642  |l MZK  |r Sklad / do 1 hodiny  |n 0  |p p.v.  |w 001436396  |u 000010  |a 1  |e BOA001  |j MZK50  |s P 
996 7 |b 2610596978  |c 2-1257.642  |l MZK  |r Sklad / do 1 hodiny  |n 0  |p p.v.  |w 001436396  |u 000020  |a 1  |e BOA001  |j MZK50  |s A